000 00435nam a2200181Ia 4500
001 15760
005 20260306170219.0
008 260306t2016||||xx |||||||||||||| ||und||
041 _aESP
082 _a620
_bT41
100 _aTerán Pérez, David Moisés,
_eAUT
245 0 _aIntroducción a la ingeniería
260 _c2016
300 _a288 páginas :
_c23 cm.
650 _aGEN
654 _aCII
942 _cLIB
_dJUS
_fJUS
_2ddc
_n
999 _c15760
_d15760